| 000 | 00698nam a22001817a 4500 | ||
|---|---|---|---|
| 008 | 110103t xxu||||| |||| 00| 0 eng d | ||
| 020 | _a0760723702 | ||
| 020 | _a9780760723708 | ||
| 082 |
_a152.40287 _bDAN |
||
| 100 |
_921701 _aDaniel, Mark |
||
| 245 |
_aSelf-Scoring Emotional Intelligence Tests / _cMark Daniel |
||
| 260 |
_aNew York : _bSterling, 2000 _c2000 |
||
| 300 |
_a30 p. ; _c 28 cm. |
||
| 541 | _aMrs. Sue Dodd ; | ||
| 650 |
_921702 _aEmotional intelligence tests |
||
| 942 |
_2ddc _cBB |
||
| 999 |
_c14883 _d14883 |
||